000 00690nam a2200217 a 4500
005 20170818105706.0
008 070927s2007 nyu 000 1 eng
010 _aB-260505-525
020 _a9780007273546
_c495.00
035 _aB-260505-525
037 _bUBH/469/24.3.08/255/24.12.07/19.5.08
040 _adpl
_bEnglish
082 _a823.914
100 _aBarker, Nicola,
245 _aDarkmans /
_cby Nicola Barker.
260 _aLondon
_bHarper Perennial,
_c2007.
300 _a838 p. ;
_c20 cm (Pbk)
500 _a"An Ecco book."
942 _2ddc
_cEN
_h823.914
_mBAR
999 _c16461
_d16461